Statistieken voor Alle landen waar een B in zit.

Klik hier om de quiz te nemen!

Algemene statistieken

  • Deze quiz is 43 keer genomen
    (6 sinds de laatste reset)
  • De gemiddelde score is 26 van 40

Antwoordstatistieken

Antwoord% Correct
België
100%
Belize
100%
Benin
100%
Bulgarije
100%
Bahama's
80%
Bahrein
80%
Barbados
80%
Bolivia
80%
Bosnië en Herzegovina
80%
Botswana
80%
Brazilië
80%
Burundi
80%
Colombia
80%
Djibouti
80%
Libanon
80%
Albanië
60%
Antigua en Barbuda
60%
Azerbeidzjan
60%
Bangladesh
60%
Bhutan
60%
Brunei
60%
Burkina Faso
60%
Cambodja
60%
Democratische Republiek Congo
60%
Dominicaanse Republiek
60%
Gabon
60%
Luxemburg
60%
Namibië
60%
Oezbekistan
60%
Republiek Congo
60%
Zimbabwe
60%
Centraal-Afrikaanse Republiek
40%
Mozambique
40%
Gambia
40%
Guinee-Bissau
40%
Saoedi-Arabië
40%
Trinidad en Tobago
40%
Zambia
40%
Kiribati
20%
Verenigde Arabische Emiraten
20%

Scoreverdeling

Percentiel versus Aantal Correcte Antwoorden

Procent van Mensen met Elke Score

Uw Scoregeschiedenis

U heeft deze quiz nog niet genomen sinds de laatste reset